Finančno-ekonomická analýza priemyselných podnikov
Gespeichert in:
| 1. Verfasser: | |
|---|---|
| Weitere Verfasser: | , |
| Format: | Buch |
| Sprache: | Slowakisch |
| Veröffentlicht: |
Bratislava
Slovenská technická univerzita v Bratislave - SPEKTRUM STU
2020
|
| Ausgabe: | 1. vydanie |
| Schlagworte: | |
| Tags: |
Keine Tags, Fügen Sie das erste Tag hinzu!
|
MARC
| LEADER | 00000nam a2200000 4500 | ||
|---|---|---|---|
| 001 | 0307926 | ||
| 005 | 20250414125106.8 | ||
| 020 | |a 978-80-227-5026-4 | ||
| 041 | 0 | |a slo | |
| 044 | |a SK | ||
| 245 | 1 | 0 | |a Finančno-ekonomická analýza priemyselných podnikov |c Irina Bondareva, Jana Plchová, Monika Zatrochová |
| 250 | |a 1. vydanie | ||
| 264 | 1 | |a Bratislava |b Slovenská technická univerzita v Bratislave - SPEKTRUM STU |c 2020 | |
| 300 | |a 142 s. | ||
| 610 | 2 | 0 | |a analýza finančná |
| 610 | 2 | 0 | |a riadenie finančné |
| 610 | 2 | 0 | |a súvaha |
| 610 | 2 | 0 | |a výkaz ziskov a strát |
| 610 | 2 | 0 | |a cash flow |
| 610 | 2 | 0 | |a ukazovatele finančné |
| 610 | 2 | 0 | |a meranie výkonnosti |
| 610 | 2 | 0 | |a benchmarking |
| 100 | 1 | |a Bondareva, Irina | |
| 700 | 1 | |a Plchová, Jana | |
| 700 | 1 | |a Zatrochová, Monika | |